MARC

LEADER 00000nam0a2200000 4500
001 311846
005 20260414173815.0
035 |a (RuTPU)RU\TPU\book\337211 
090 |a 311846 
100 |a 20151212d1982 m y0rusy50 ca 
101 0 |a rus 
102 |a RU 
105 |a a z 000zc 
200 1 |a В те далекие годы. В. И. Ленин и Н. К. Крупская в письмах к родным  |f Г. М. Дейч 
210 |a Москва  |c Советская Россия  |d 1982 
215 |a 224 с.  |c ил. 
600 1 |a Ленин  |b В. И.  |c настоящая фамилия Ульянов  |c российский политический деятель  |f 1870-1924  |g Владимир Ильич  |2 stltpush  |3 (RuTPU)RU\TPU\pers\1074  |9 486 
600 1 |a Крупская  |b Н. К.  |c российский политический деятель  |c жена В. И. Ленина  |f 1869-1939  |g Надежда Константиновна  |2 stltpush  |3 (RuTPU)RU\TPU\pers\496  |9 237 
606 |a Ленин В. И.  |x Жизнь и деятельность до Великой Октябрьской революции  |9 87277 
610 1 |a биографии 
610 1 |a письма 
610 1 |a воспоминания 
610 1 |a партийные деятели 
610 1 |a Россия 
610 1 |a история 
610 1 |a большевики 
686 |a Т3(2)6-8Ленин350  |2 rubbk 
700 1 |a Дейч  |b Г. М.  |g Генрих Маркович 
801 1 |a RU  |b 63413507  |c 20151212 
801 2 |a RU  |b 63413507  |c 20170904  |g RCR 
942 |c BK